000 00823nam a2200205Ii 4500
003 JO-AjNU
008 230605s9999||||xx |||||||||||||| ||und||
017 _a2008/10/3693
040 _aJO-AjNU
_bara
_erda
_cJO-AjNU
041 _aara
050 1 4 _aDS247 2008
100 3 _aالعنابي، زهر ,
_eauthor
_950521
245 0 0 _aدراسات دقة الخيارات: رؤيا تأزرية لدول مجلس التعاون الخليجي، الجزء الثالث
264 3 1 _aعمان: دار ابن بطوطة للنشر والتوزيع، 2008
300 _aج3، 173ص
336 _atext
_btxt
_2rdacontent
337 _aunmediated
_bn
_2rdamedia
338 _avolume
_bnc
_2rdacarrier
650 4 _aمجلس التعاون الخليجي - العلاقات الدولية - السياسة الخارجية
_950522
999 _aA22260
_c25828
_d25828